| 000 | 00000nam##2200000za#4500 |
| 001 | 9.573323 |
| 003 | CaOODSP |
| 005 | 20210624183640 |
| 007 | cr ||||||||||| |
| 008 | 150406|1998||||xxc|||||o f|0| 0 eng|d |
| 040 | |aCaOODSP|beng |
| 043 | |an-cn--- |
| 086 | 1 |aMP32-28/98-12E-PDF |
| 110 | 1 |aCanada.|bHuman Resources Development Canada. |bApplied Research Branch. |
| 245 | 10|aFamily background, family income, maternal work and child development / |h[electronic resource]|c[by] Pierre Lefebvre, Philip Merrigan. |
| 260 | |aHull - Quebec : |bHuman Resources Development Canada. |cAugust 1998. |
| 300 | |a47p.|breferences, tables |
| 490 | 1 |aWorking paper|vWorking paper no. 78 |
| 546 | |aRésumé en français. |
| 590 | |a12-16-Supp|b2012-04-17 |
| 690 | 07|aBehaviour|2gcpds |
| 690 | 07|aChild development|2gcpds |
| 690 | 07|aHousehold income|2gcpds |
| 720 | 1 |aLefebvre, Pierre |
| 720 | 1 |aMerrigan, Philip |
| 776 | 0#|tFamily background, family income, maternal work and child development / |w(CaOODSP)9.614712 |
| 830 | #0|aWorking paper ;|vWorking paper no. 78|w(CaOODSP)9.504477 |
| 856 | 40|ahttp://publications.gc.ca|qPDF|s424 KB|uhttps://publications.gc.ca/collections/Collection/MP32-28-98-12E.pdf|yWorking paper no. 78 |